000
00404nam a22001697a 4500
003
MPLRDC
005
20220104142520.0
008
210129b ||||| |||| 00| 0 eng d
082
_a
857.4 LBY
100
_a
李伯元
245
_a
文明小史
_c
250
_a
第一版
260
_a
_b
香港今代图书公司
_c
1958
300
_b
平
650
_a
话本小说及章回
942
_c
BK
_o
857.4 LBY
999
_c
31508
_d
31498